000 00514nam a2200169Ia 4500
008 090201s9999 xx 000 0 und d
010 _aKPL-52434
040 _bमराठी
041 _aमराठी
082 _a15635
_b52434
100 _aप्र के अत्रे
245 _aसुभाष कथा
_cप्र के अत्रे
260 _c2004
_bपरचुरे प्रकाशन
300 _a291
_bमोठा
600 _aसुभाष कथा
942 _cBOOK
999 _c215706
_d215706